000 00287nam a2200109Ia 4500
008 190216s9999||||xx |||||||||||||| ||und||
100 _aHorngren Charles T
245 0 _aNtroduction To Management Accounting
260 _bPrentice Hall Of India Pvt Ltd
_c1984
300 _a696p
942 _cBK
999 _c4969
_d4969